000 00628nam a2200241Ia 4500
003 OSt
005 20221006144753.0
006 a|||||r|||| 00| 0
007 ta
008 221006b |||||||| |||| 00| 0 eng d
020 _c201.60
024 _a12,662
037 _cTextual
040 _aEASL
_cEASL
_beng
041 _2eng
_aeng
082 _aV41:191.N76, L7
100 _aHSUEH Chun-tu
245 0 _aDimensions of Chias foreign relations
260 _aNew York
_bPraeger Pub
_c1957
300 _a294p.
_ccm.
942 _hV41:191.N76, L7
_cTEXL
_2CC
999 _c1080748
_d1080748